Heat transfer : (Record no. 15554)
[ view plain ]
| 000 -LEADER | |
|---|---|
| fixed length control field | 02245 a2200241 4500 |
| 001 - CONTROL NUMBER | |
| control field | 11506 |
| 003 - CONTROL NUMBER IDENTIFIER | |
| control field | IN-BhIIT |
| 005 - DATE AND TIME OF LATEST TRANSACTION | |
| control field | 20260617173710.0 |
| 008 - FIXED-LENGTH DATA ELEMENTS--GENERAL INFORMATION | |
| fixed length control field | 260617b |||||||| |||| 00| 0 eng d |
| 020 ## - INTERNATIONAL STANDARD BOOK NUMBER | |
| ISBN | 9781439814673 (hbk.) |
| 040 ## - CATALOGING SOURCE | |
| Original cataloging agency | IN-BhIIT |
| 041 ## - LANGUAGE CODE | |
| Language code of text | eng |
| 082 ## - DEWEY DECIMAL CLASSIFICATION NUMBER | |
| Classification number | 621.381 |
| Book number | SHA/H |
| 100 ## - MAIN ENTRY--AUTHOR NAME | |
| Personal name | Shabany, Younes |
| Relator term | Author |
| 245 ## - TITLE STATEMENT | |
| Title | Heat transfer : |
| Sub Title | thermal management of electronics / |
| Statement of responsibility, etc | Younes Shabany |
| 260 ## - PUBLICATION, DISTRIBUTION, ETC. (IMPRINT) | |
| Place of publication | New York : |
| Name of publisher | CRC Press, |
| Year of publication | 2010. |
| 300 ## - PHYSICAL DESCRIPTION | |
| Number of Pages | xv, 491 p. : |
| Other physical details(ill.) | ill. ; |
| Dimensions(size) | 22 cm. |
| 504 ## - BIBLIOGRAPHY, ETC. NOTE | |
| Bibliography, etc | Includes bibliographical references and index. |
| 520 ## - SUMMARY, ETC. | |
| Summary, etc | The continuing trend toward miniaturization and high power density electronics results in a growing interdependency between different fields of engineering. In particular, thermal management has become essential to the design and manufacturing of most electronic systems. Heat Transfer: Thermal Management of Electronics details how engineers can use intelligent thermal design to prevent heat-related failures, increase the life expectancy of the system, and reduce emitted noise, energy consumption, cost, and time to market. Appropriate thermal management can also create a significant market differentiation, compared to similar systems. Since there are more design flexibilities in the earlier stages of product design, it would be productive to keep the thermal design in mind as early as the concept and feasibility phase.<br/><br/>The author first provides the basic knowledge necessary to understand and solve simple electronic cooling problems. He then delves into more detail about heat transfer fundamentals to give the reader a deeper understanding of the physics of heat transfer. Next, he describes experimental and numerical techniques and tools that are used in a typical thermal design process. The book concludes with a chapter on some advanced cooling methods.<br/><br/>With its comprehensive coverage of thermal design, this book can help all engineers to develop the necessary expertise in thermal management of electronics and move a step closer to being a multidisciplinary engineer. |
| 650 ## - SUBJECT ADDED ENTRY--TOPICAL TERM | |
| Topical Term | Electronic control |
| General subdivision | Electronic apparatus and appliances |
| Topical Term | Electronics |
| General subdivision | Thermal properties. |
| 942 ## - ADDED ENTRY ELEMENTS (KOHA) | |
| Koha item type | Technical Reference Book |
| Withdrawn status | Lost status | Damaged status | Not for loan | Collection code | Home library | Current library | Date acquired | Source of acquisition | Cost, normal purchase price | Full call number | Accession Number | Cost, replacement price | Price effective from | Koha item type |
|---|---|---|---|---|---|---|---|---|---|---|---|---|---|---|
| Not withdrawn | Not Lost | not damaged | SMS | Central Library, IIT Bhubaneswar | Central Library, IIT Bhubaneswar | 12/06/2026 | 26 | 13223.66 | 621.381 SHA/H | 11506 | 18114.60 | 12/06/2026 | Technical Reference Book |